<?xml version="1.0" encoding="UTF-8"?>
<record
    xmlns:xsi="http://www.w3.org/2001/XMLSchema-instance"
    xsi:schemaLocation="http://www.loc.gov/MARC21/slim http://www.loc.gov/standards/marcxml/schema/MARC21slim.xsd"
    xmlns="http://www.loc.gov/MARC21/slim">

  <leader>02972nam a22002417a 4500</leader>
  <controlfield tag="005">20250506163618.0</controlfield>
  <controlfield tag="008">250505b        |||||||| |||| 00| 0 eng d</controlfield>
  <datafield tag="020" ind1=" " ind2=" ">
    <subfield code="a">9789351611608</subfield>
  </datafield>
  <datafield tag="040" ind1=" " ind2=" ">
    <subfield code="c">AIMIT LIBRARY</subfield>
  </datafield>
  <datafield tag="082" ind1=" " ind2=" ">
    <subfield code="2">1</subfield>
    <subfield code="a">658.1599</subfield>
    <subfield code="b">JEEC</subfield>
  </datafield>
  <datafield tag="100" ind1=" " ind2=" ">
    <subfield code="a">Jeevanandam, C.</subfield>
    <subfield code="9">209239</subfield>
  </datafield>
  <datafield tag="245" ind1=" " ind2=" ">
    <subfield code="a">Foreign exchange and risk management / </subfield>
    <subfield code="c">By C. Jeevanandam.</subfield>
  </datafield>
  <datafield tag="260" ind1=" " ind2=" ">
    <subfield code="a">New Delhi :</subfield>
    <subfield code="b">Sultan Chand and Sons ,</subfield>
    <subfield code="c">2023.</subfield>
  </datafield>
  <datafield tag="300" ind1=" " ind2=" ">
    <subfield code="a">xxiv,E-62</subfield>
    <subfield code="b">PB</subfield>
    <subfield code="c">25cm.</subfield>
  </datafield>
  <datafield tag="500" ind1=" " ind2=" ">
    <subfield code="a">The book continues the tradition of providing a blend of sound theoretical knowledge of foreign exchange economics with practical and procedural aspects of banks and other institutions connected with foreign exchange. Each topic is comprehensively dealt with, looking at it from every angle, viz., the conceptual framework, exchange control regulations, rules of FEDAI and the International Chamber of Commerce, and procedures of banks. It presents in a cogent and understandable manner materials that lie scattered. The book is designed to meet the requirements of post-graduate courses in commerce and economics and MBA for papers such as &#x2018;Foreign Exchange&#x2019;, &#x2018;Foreign Exchange Risk Management&#x2019; and &#x2018;International Finance Management&#x2019;. Practical questions that appeared in professional courses of Chartered Accountants, Cost and Management Accountants and Chartered Secretaries and MBA courses have been included in appropriate chapters with full solutions. To encourage student to attempt on his/her own the solutions are provided after the set of questions and not after each question</subfield>
  </datafield>
  <datafield tag="505" ind1=" " ind2=" ">
    <subfield code="a">
Contents :

Section A: Framework of Foreign Exchange
Introduction
Foreign Exchange Regulations
Balance of Payments
International Monetary Systems
Exchange Rate Determination
International Monetary Fund
Section B: Foreign Exchange Markets and Deals
Foreign Exchange Market
Forward Exchange Deals
Merchant Rates &#x2013; Ready
Merchant Rates &#x2013; Forward
Merchant Rates &#x2013; Cross Currency
Execution of Forward Contract
Exchange Management by Banks 
Section C: Derivatives and Risk Management
Currency Derivatives
Currency Futures
Currency Options
Corporate Policy on Exposure and Risk
Transaction Exposure
Accounting Foreign Currency Transactions
Translation Exposure
Economic Exposure
Interest Rate Risk
Financial Swaps 
Section D: Foreign Trade Procedures and Documents
International Trade Procedures
Letter of Credit
International Trade Documents
Bank Finance for Exports
Section E: External Sources of Funds
Non-resident Deposits and Investments
International Financial Markets
Raising Debt Abroad
Raising Equity Abroad
International Financial Institutions</subfield>
  </datafield>
  <datafield tag="650" ind1=" " ind2=" ">
    <subfield code="a">Foreign exchange regulations</subfield>
    <subfield code="9">209240</subfield>
  </datafield>
  <datafield tag="650" ind1=" " ind2=" ">
    <subfield code="a">Foreign exchange regulations</subfield>
    <subfield code="9">209240</subfield>
  </datafield>
  <datafield tag="650" ind1=" " ind2=" ">
    <subfield code="a">International monetary system</subfield>
    <subfield code="9">209241</subfield>
  </datafield>
  <datafield tag="650" ind1=" " ind2=" ">
    <subfield code="a">Forward exchange deals</subfield>
    <subfield code="9">209242</subfield>
  </datafield>
  <datafield tag="650" ind1=" " ind2=" ">
    <subfield code="a">Exchange management by banks</subfield>
    <subfield code="9">209243</subfield>
  </datafield>
  <datafield tag="942" ind1=" " ind2=" ">
    <subfield code="2">ddc</subfield>
    <subfield code="c">BK</subfield>
    <subfield code="e">1</subfield>
    <subfield code="k">658.1599 JEEC</subfield>
  </datafield>
  <datafield tag="999" ind1=" " ind2=" ">
    <subfield code="c">234281</subfield>
    <subfield code="d">234281</subfield>
  </datafield>
  <datafield tag="952" ind1=" " ind2=" ">
    <subfield code="0">0</subfield>
    <subfield code="1">0</subfield>
    <subfield code="2">ddc</subfield>
    <subfield code="4">0</subfield>
    <subfield code="7">0</subfield>
    <subfield code="8">MBA</subfield>
    <subfield code="a">AIMIT</subfield>
    <subfield code="b">AIMIT</subfield>
    <subfield code="c">IFM</subfield>
    <subfield code="d">2025-03-14</subfield>
    <subfield code="e">Biblios Book Point</subfield>
    <subfield code="g">535.00</subfield>
    <subfield code="i">Bill no:7467; Bill dt:2025/3/11</subfield>
    <subfield code="l">0</subfield>
    <subfield code="o">658.1599 JEEC</subfield>
    <subfield code="p">MBA15043</subfield>
    <subfield code="r">2026-05-23 00:00:00</subfield>
    <subfield code="v">454.75</subfield>
    <subfield code="w">2025-05-05</subfield>
    <subfield code="y">BK</subfield>
  </datafield>
  <datafield tag="952" ind1=" " ind2=" ">
    <subfield code="0">0</subfield>
    <subfield code="1">0</subfield>
    <subfield code="2">ddc</subfield>
    <subfield code="4">0</subfield>
    <subfield code="7">0</subfield>
    <subfield code="8">MBA</subfield>
    <subfield code="a">AIMIT</subfield>
    <subfield code="b">AIMIT</subfield>
    <subfield code="c">IFM</subfield>
    <subfield code="d">2025-03-14</subfield>
    <subfield code="e">Biblios Book Point</subfield>
    <subfield code="g">535.00</subfield>
    <subfield code="i">Bill no:7467; Bill dt:2025/3/11</subfield>
    <subfield code="l">0</subfield>
    <subfield code="o">658.1599 JEEC</subfield>
    <subfield code="p">MBA15044</subfield>
    <subfield code="r">2026-05-23 00:00:00</subfield>
    <subfield code="v">454.75</subfield>
    <subfield code="w">2025-05-05</subfield>
    <subfield code="y">BK</subfield>
  </datafield>
</record>
